[Event "Nuremberg Zabo op 23rd"]
[Site "Nuremberg"]
[Date "2023.09.16"]
[Round "2"]
[White "Koenig, Oliver"]
[Black "Wettermann, Bernd"]
[Result "1-0"]
[WhiteElo "2011"]
[BlackElo "1768"]
[PlyCount "61"]
[EventDate "2023.09.15"]
[EventType "swiss"]
[EventRounds "5"]
[EventCountry "GER"]
[SourceTitle "EXT 2024"]
[Source "ChessBase"]
[SourceDate "2023.10.10"]
[SourceVersion "1"]
[SourceVersionDate "2023.10.10"]
[SourceQuality "1"]

1. Nc3 e5 2. Nf3 Nc6 3. d4 exd4 4. Nxd4 Bc5 5. Nf5 Qf6 6. g4 Nge7 7. Ne4 Qe5 8. Nxc5 Nxf5 9. Nd3 Qd5 10. Rg1 Nfe7 11. Rg3 d6 12. Bg2 Qd4 13. Be3 Qf6 14. Qd2 h6 15. 0-0-0 Bd7 16. Kb1 0-0-0 17. f4 g6 18. Bg1 Kb8 19. Nb4 Nxb4 20. Bd4 Qe6 21. Qxb4 Bc6 22. Bxh8 Rxh8 23. Qc3 Rg8 24. Re3 Qxg4 25. Rxe7 Qxg2 26. Rxf7 Qxh2 27. e4 Qf2 28. e5 dxe5 29. Qxe5 Rc8 30. Rxc7 Qf3 31. Rxc6+ 1-0

[Event "Nuremberg Zabo op 23rd"]
[Site "Nuremberg"]
[Date "2023.09.16"]
[Round "3"]
[White "Wettermann, Bernd"]
[Black "Cwiklik, Julian"]
[Result "0-1"]
[WhiteElo "1768"]
[BlackElo "1147"]
[PlyCount "78"]
[EventDate "2023.09.15"]
[EventType "swiss"]
[EventRounds "5"]
[EventCountry "GER"]
[SourceTitle "EXT 2024"]
[Source "ChessBase"]
[SourceDate "2023.10.10"]
[SourceVersion "1"]
[SourceVersionDate "2023.10.10"]
[SourceQuality "1"]

1. e4 e5 2. Nf3 Nc6 3. Bc4 Bc5 4. Nc3 Nf6 5. d3 h6 6. 0-0 d6 7. Na4 Bb6 8. Nxb6 axb6 9. a3 Bg4 10. c3 0-0 11. h3 Be6 12. Bxe6 fxe6 13. Qc2 d5 14. Re1 Re8 15. Bd2 Rc8 16. b4 Qd6 17. b5 Nd8 18. c4 Nf7 19. Bb4 Qd7 20. d4 exd4 21. e5 Ne4 22. Rad1 c5 23. bxc6 bxc6 24. c5 bxc5 25. Bxc5 Qc7 26. Bxd4 c5 27. Ba1 Ra8 28. Qc1 Qa5 29. Re3 c4 30. Nd4 Nc5 31. Rg3 Nd3 32. Qe3 Qa4 33. Rf1 Qa7 34. Nf5 exf5 35. e6 Ng5 36. Bd4 Qc7 37. h4 f4 38. Be5 Qxe5 39. Rxg5 fxe3 0-1

[Event "Mittelfranken Mitte-ch"]
[Site "Nuremberg"]
[Date "2020.01.06"]
[Round "6.15"]
[White "Nuesslein, Christian"]
[Black "Wettermann, Bernd"]
[Result "1/2-1/2"]
[WhiteElo "1848"]
[BlackElo "1760"]
[PlyCount "108"]
[EventDate "2020.01.03"]
[EventType "swiss"]
[EventRounds "7"]
[EventCountry "GER"]
[SourceTitle "EXT 2023"]
[Source "ChessBase"]
[SourceDate "2022.10.05"]
[SourceVersion "1"]
[SourceVersionDate "2022.10.05"]
[SourceQuality "1"]

1. b4 e5 2. Bb2 d6 3. c4 Nd7 4. e3 Be7 5. Be2 Ngf6 6. d3 0-0 7. g4 c5 8. b5 Rb8 9. h4 a6 10. a4 axb5 11. axb5 b6 12. g5 Ne8 13. Bf3 f5 14. Nc3 e4 15. dxe4 Ne5 16. Nd5 Nxf3+ 17. Nxf3 fxe4 18. Nd2 Bf5 19. Ra7 Rf7 20. Nxe7+ Rxe7 21. Rxe7 Qxe7 22. Qc2 Qe6 23. Rg1 Bg6 24. Qd1 Qh3 25. Qg4 Qxg4 26. Rxg4 Rd8 27. Nxe4 d5 28. Nd2 dxc4 29. Rxc4 Nd6 30. Ra4 Nxb5 31. Ra6 Bd3 32. Rxb6 Nc7 33. Rb7 Ne8 34. Bc3 Ra8 35. Be5 c4 36. Rb8 Ra5 37. Nxc4 Bxc4 38. Rxe8+ Kf7 39. Rc8 Bd5 40. Rc7+ Ke6 41. Bxg7 Bf3 42. Bc3 Rb5 43. Bd4 Kd5 44. Kd2 Ra5 45. Rxh7 Ra2+ 46. Kc3 Rxf2 47. e4+ Bxe4 48. Bxf2 Bxh7 49. h5 Bf5 50. Bd4 Ke6 51. Bh8 Kf7 52. Kd4 Bb1 53. Ke5 Bd3 54. Bf6 Bc2 1/2-1/2

[Event "Pyramiden Franken Cup"]
[Site "Fuerth"]
[Date "2015.09.05"]
[Round "4"]
[White "Wettermann, Bernd"]
[Black "Adler, Herbert"]
[Result "0-1"]
[WhiteElo "1771"]
[BlackElo "2001"]
[PlyCount "74"]
[EventDate "2015.09.03"]
[EventType "swiss"]
[EventRounds "7"]
[EventCountry "GER"]
[SourceTitle "EXT 2016"]
[Source "ChessBase"]
[SourceDate "2015.10.08"]
[SourceVersion "1"]
[SourceVersionDate "2015.10.08"]
[SourceQuality "1"]

1. e4 e6 2. Qe2 c5 3. Nf3 Nc6 4. c3 d5 5. exd5 Qxd5 6. g3 g6 7. Bg2 Bg7 8. 0-0 Nge7 9. d4 cxd4 10. Nxd4 Nxd4 11. cxd4 Qa5 12. Bd2 Qb6 13. Bc3 0-0 14. Nd2 Bd7 15. Nf3 Bb5 16. Qe4 Bxf1 17. Rxf1 Nd5 18. Ne5 Qd6 19. Nd3 Rac8 20. Bd2 Rc4 21. Be3 b6 22. b3 Rc3 23. Rd1 Rfc8 24. Ne1 Nxe3 25. fxe3 Bh6 26. Rd3 Qa3 27. h4 Rc1 28. h5 Rxe1+ 29. Kf2 Qc1 30. hxg6 hxg6 31. g4 Rc2+ 32. Kf3 Rg1 33. Qe5 Rgxg2 34. Qb8+ Rc8 35. Qb7 Qf1+ 36. Ke4 Rf8 37. Rc3 Bg7 0-1

[Event "Nuremberg LGA Cup 9th"]
[Site "Nuremberg"]
[Date "2012.09.09"]
[Round "6"]
[White "Stein, Tobias"]
[Black "Wettermann, Bernd"]
[Result "1-0"]
[WhiteElo "2036"]
[BlackElo "1741"]
[PlyCount "63"]
[EventDate "2012.09.06"]
[EventType "swiss"]
[EventRounds "7"]
[EventCountry "GER"]
[SourceTitle "CBM 150 Extra"]
[Source "ChessBase"]
[SourceDate "2012.10.19"]
[SourceVersion "1"]
[SourceVersionDate "2012.10.19"]
[SourceQuality "1"]

1. e4 e5 2. Nf3 Nc6 3. Bb5 Bc5 4. 0-0 d6 5. c3 Bd7 6. d4 Bb6 7. Re1 Nge7 8. Be3 a6 9. Ba4 Ng6 10. Nbd2 0-0 11. Nf1 Qe7 12. Ng3 Rae8 13. Bg5 f6 14. Be3 Qd8 15. h4 Nh8 16. h5 Nf7 17. Nh4 Kh8 18. Ngf5 Ng5 19. Bxg5 g6 20. hxg6 Bxf5 21. Qh5 Re7 22. Nxf5 fxg5 23. Qh6 Rxf5 24. exf5 Rg7 25. Bxc6 Qf6 26. Be4 c6 27. dxe5 dxe5 28. Rad1 g4 29. Rd3 Rxg6 30. fxg6 Qxf2+ 31. Kh2 g3+ 32. Kh3 1-0

[Event "Nuremberg LGA Cup 7th"]
[Site "Nuremberg"]
[Date "2010.09.05"]
[Round "7"]
[White "Thuerauf, Peter"]
[Black "Wettermann, Bernd"]
[Result "1/2-1/2"]
[WhiteElo "1920"]
[BlackElo "1768"]
[PlyCount "31"]
[EventDate "2010.09.02"]
[EventType "swiss"]
[EventRounds "7"]
[EventCountry "GER"]
[SourceTitle "CBM 138 Extra"]
[Source "ChessBase"]
[SourceDate "2010.10.29"]
[SourceVersion "1"]
[SourceVersionDate "2010.10.29"]
[SourceQuality "1"]

1. d4 f5 2. g3 Nf6 3. Bg2 e6 4. c4 Be7 5. Nc3 0-0 6. Nf3 d6 7. 0-0 Nc6 8. b3 Bd7 9. d5 exd5 10. Nxd5 Nxd5 11. Qxd5+ Kh8 12. Bb2 Rb8 13. e3 Bf6 14. Qd2 Qe8 15. Rad1 b6 16. Ba3 1/2-1/2

[Event "Nuremberg Zabo op 11th"]
[Site "Nuremberg"]
[Date "2009.09.20"]
[Round "5"]
[White "Wettermann, Bernd"]
[Black "Schaefer, Erich"]
[Result "1-0"]
[WhiteElo "1746"]
[BlackElo "1475"]
[PlyCount "44"]
[EventDate "2009.09.18"]
[EventType "swiss"]
[EventRounds "5"]
[EventCountry "GER"]
[SourceTitle "EXT 2012"]
[Source "ChessBase"]
[SourceDate "2011.11.24"]
[SourceVersion "1"]
[SourceVersionDate "2011.11.24"]
[SourceQuality "1"]

1. e4 e5 2. Nf3 Nc6 3. c3 d5 4. Bb5 Bg4 5. Qa4 Bd7 6. exd5 a6 7. dxc6 axb5 8. cxd7+ Kxd7 9. Qxb5+ Kc8 10. Nxe5 Qe7 11. 0-0 f6 12. Nf3 c6 13. Qb3 Qd7 14. d4 Ne7 15. Nbd2 Nd5 16. Ne4 Bd6 17. c4 Nf4 18. Bxf4 Bxf4 19. Nc5 Qf7 20. Rfe1 g5 21. Re6 Rb8 22. Rae1 Be5 1-0

[Event "Nuremberg Zabo op 10th"]
[Site "Nuremberg"]
[Date "2008.09.19"]
[Round "1"]
[White "Schaefer, Matthias"]
[Black "Wettermann, Bernd"]
[Result "1-0"]
[WhiteElo "2282"]
[BlackElo "1720"]
[PlyCount "45"]
[EventDate "2008.09.19"]
[EventType "swiss"]
[EventRounds "5"]
[EventCountry "GER"]
[SourceTitle "EXT 2012"]
[Source "ChessBase"]
[SourceDate "2011.11.24"]
[SourceVersion "1"]
[SourceVersionDate "2011.11.24"]
[SourceQuality "1"]

1. e4 e5 2. Bc4 Nf6 3. d3 Bc5 4. Nc3 Nc6 5. f4 d6 6. Nf3 Bg4 7. Na4 Bxf3 8. Qxf3 Qe7 9. Nxc5 dxc5 10. Bb5 0-0-0 11. Bxc6 c4 12. Bd5 cxd3 13. 0-0 c6 14. fxe5 Nxd5 15. exd5 Rxd5 16. cxd3 Rhd8 17. Qg4+ Kb8 18. Qxg7 Rxd3 19. Bg5 Qc5+ 20. Kh1 R8d4 21. Qxf7 Rg4 22. Qg8+ Kc7 23. Bd8+ 1-0

[Event "Nuremberg LGA Cup 3rd"]
[Site "Nuremberg"]
[Date "2006.09.09"]
[Round "5.68"]
[White "Braun, Michael1111"]
[Black "Wettermann, Bernd"]
[Result "0-1"]
[WhiteElo "1515"]
[BlackElo "1745"]
[PlyCount "62"]
[EventDate "2006.09.07"]
[EventType "swiss"]
[EventRounds "7"]
[EventCountry "GER"]
[SourceTitle "EXT 2022"]
[Source "ChessBase"]
[SourceDate "2021.10.06"]
[SourceVersion "1"]
[SourceVersionDate "2021.10.06"]
[SourceQuality "1"]

1. e4 e5 2. Nf3 Nc6 3. Bc4 Bc5 4. d3 d6 5. Nc3 Nf6 6. h3 Be6 7. Bb3 Qd7 8. Ng5 Bxb3 9. axb3 0-0-0 10. Na4 Kb8 11. Nxc5 dxc5 12. Nf3 Nxe4 13. Be3 Qe7 14. Qe2 Nf6 15. 0-0 Nd5 16. Bd2 Rhe8 17. Qe4 h6 18. Ra3 Qe6 19. Nh4 g5 20. Nf5 Nf6 21. Ng7 Nxe4 22. Nxe6 Rxe6 23. Be3 Nd6 24. Bxc5 f5 25. c4 f4 26. f3 Nf5 27. b4 b6 28. Bf2 Nxb4 29. Rb3 Nc2 30. Rc1 Ncd4 31. Ra3 Ne2+ 0-1

[Event "Nuremberg LGA Cup 3rd"]
[Site "Nuremberg"]
[Date "2006.09.07"]
[Round "1.37"]
[White "Koepke, Christian"]
[Black "Wettermann, Bernd"]
[Result "1/2-1/2"]
[WhiteElo "2319"]
[BlackElo "1745"]
[PlyCount "31"]
[EventDate "2006.09.07"]
[EventType "swiss"]
[EventRounds "7"]
[EventCountry "GER"]
[SourceTitle "CBM 114 Extra"]
[Source "ChessBase"]
[SourceDate "2006.11.03"]
[SourceVersion "1"]
[SourceVersionDate "2006.11.03"]
[SourceQuality "1"]

1. e4 e5 2. Nf3 Nc6 3. d4 exd4 4. Nxd4 Qf6 5. Nb3 Nge7 6. Bd3 d5 7. Nc3 Be6 8. 0-0 0-0-0 9. Qe1 g5 10. Nc5 Ng6 11. exd5 Bxc5 12. dxe6 Rde8 13. Ne4 Qxe6 14. Bxg5 Qd5 15. Bd2 Nh4 16. Kh1 1/2-1/2